L'Étrange Noël de monsieur Jack - La complainte de Sally - Statistiques

Statistiques générales
  • Ce quiz a été pris 10 fois
  • Le résultat moyen est 86 sur 101
Statistiques - réponses
Paroles % Correct
a
100%
bon
100%
Ce
100%
comme
100%
crois
100%
dans
100%
de
100%
en
100%
est
100%
Il
100%
Je
100%
je
100%
la
100%
le
100%
Le
100%
ma
100%
me
100%
mes
100%
moi
100%
mon
100%
monde
100%
pour
100%
que
100%
Que
100%
qu'une
100%
reve
100%
sa
100%
sans
100%
si
100%
un
100%
une
100%
vie
100%
y
100%
ami
80%
Autour
80%
avouer
80%
c'est
80%
Comment
80%
conduira
80%
destin
80%
deviendra
80%
donnerais
80%
encore
80%
éperdument
80%
faire
80%
folie
80%
jour
80%
l'acclame
80%
l'aime
80%
lui
80%
m'aime
80%
m'attend
80%
meme
80%
n'est
80%
nous
80%
ombre
80%
Ou
80%
part
80%
pas
80%
pire
80%
problèmes
80%
qu'il
80%
Sait-il
80%
son
80%
tourment
80%
tout
80%
tragédie
80%
venir
80%
vent
80%
amour
60%
autre
60%
brule
60%
drame
60%
d'une
60%
Et
60%
flamme
60%
l'espère
60%
mais
60%
m'offrir
60%
Parfois
60%
plaire
60%
Saurai-je
60%
Saura-t-il
60%
semble
60%
souvent
60%
toute
60%
vain
60%
Aucun quiz correspondant
Distribution des résultats
% des personnes avec chaque résultat
Percentile par nombre de réponses
Votre historique - résultats
Vous n’avez pas pris ce quiz